| 000 | 00380 a2200109 4500 | ||
|---|---|---|---|
| 001 | ART_23125 | ||
| 005 | 20260410161929.0 | ||
| 008 | 260409a | ||
| 245 | 1 | 0 | _aLa doctrina moral de Adam Smith |
| 100 | 1 | _aLetizia, Francisco | |
| 773 | 0 |
_tRevista de la Facultad de Ciencias Económicas de la Universidad de Cuyo _g- Año XXXIV, Nº 86 (jul./dic. 1982) _wREV22981 |
|
| 999 |
_c28396 _d28396 |
||